=LDR 00000nam 2200000 4500 =001 INLIS000000000059842 =005 20211207020102 =035 ##$$a 0010-1221000069 =007 ta =008 211207###########################0#ind## =020 ##$$a 979-95239-7-4 =082 ##$$a 338.959 8 =084 ##$$a 338.959 8 Ard u =245 1#$$a Unggulan Kawasan Timur Indonesia /$c Ardin Hersandini, Aunur Rofiq Hadi =300 ##$$a xix, 494 halaman : $b Ilustrasi ; $c 22 cm. =650 #4$$a Indonesia - Rencana Pembangunan Lima Tahun =700 #$$a Editor,Djarwadi, Hendra Tjahyono =264 ##$$a jakarta :$b Sekretaris Dewan Pengembangan Kawasan Timur Indonesia,$c 2005 =336 ##$$a teks$2 rdacontent =337 ##$$a lain-lain$2 rdamedia =338 ##$$a lain-lain$2 rdacarrier =990 ##$$a 34493449 =990 ##$$a 34493449